Statistics for Category Elimination - Pixar Movies

Click here to take the quiz!

General Stats

  • This quiz has been taken 2,036 times
  • The average score is 11 of 16

Answer Stats

Group#Category% Correct
Green20PMs nominated for an Academy Award
98%
Green10...released before 2010
97%
Green5...with at least 90 score on Metacritic
93%
Orange18PMs with a name longer than 5 letters
90%
Orange9...with at least 95% Rotten Tomatoes score
87%
Blue15PMs released after 2010
85%
Purple22PMs with a budget over $100 million
80%
Purple14...which wasn't a sequel/prequel
78%
Blue9...with a budget over $175 million
72%
Orange4...which grossed over $800 million
68%
Blue4...which are considered sequels
66%
Purple4...with a runtime no longer than 95 minutes
55%
Blue1...which won the "Best Animated Feature"Toy Story 4
44%
Orange1...released before the 2010sFinding Nemo
43%
Green1...with a budget over $150 millionWALL-E
42%
Purple1...with an animal as the main characterA Bug's Life
27%

Score Distribution

Percentile by Number Answered

Percent of People with Each Score

Your Score History

You have not taken this quiz